| 000 | 00505nam a2200169Ia 4500 | ||
|---|---|---|---|
| 003 | GCL | ||
| 008 | 140319s9999 xx 000 0 ara d | ||
| 040 |
_aGCL / _cGCL |
||
| 082 | 0 | 4 |
_a813.01 _bع ا |
| 100 | 1 | _aعزالدين نجيب | |
| 245 | 1 | 0 |
_aاغنية الدمية :قصص / _cعزالدين نجيب |
| 260 |
_a[S.N] : _bدار الفكر للدراسات والنشر والتوزيع ، _c1986 |
||
| 300 | _a150 ص | ||
| 490 | _a | ||
| 650 | 0 | 4 | _aالقصص العربية |
| 942 |
_2ddc _cBK |
||
| 999 |
_c53807 _d53807 |
||